000 00349nam a22001457a 4500
008 210303b ||||| |||| 00| 0 eng d
020 _a2901412907964
041 _aeng
080 _22nd
_a311
082 _a311
100 _a55
101 _aSTA
245 _aStatistical Methods for Geography a Students Guide
_cRogerson, P. A
942 _2udc
_cBK
999 _c55609
_d55609